The performance management handbook

Saved in:
Bibliographic Details
Other Authors: Walters, Mike (Editor)
Format: Book
Language:English
Published: London : Institute of personnel and development, c1995
Series:Developing practice
Subjects:
Tags: Add Tag
No Tags, Be the first to tag this record!

MARC

LEADER 00000nam a2200000 i 4500
001 1/69005
008 981102s1995 eng d
020 |a 0852925794 
035 |l 10030302 
040 |a GR-MY-UA  |b gre  |e aacr 
041 0 |a eng 
082 0 |a 658.3125 
245 1 4 |a The performance management handbook /  |c edited by: Mike Walters 
260 |a London :   |b Institute of personnel and development,   |c c1995 
300 |a xiii, 162 p. 
490 1 |a Developing practice 
504 |a Includes bibliography and index 
650 0 0 |a Personnel management. 
650 0 0 |a Performance  |x Evaluation. 
700 0 |a Walters, Mike.  |4 edt 
830 0 |a Developing practice 
852 |a INST  |b CHIOS  |e 19981102  |h 658.3125 PER  |p 005200015418  |q 005200015418  |t BK  |y 0 
901 |a BIBL-1998-3 
909 |a Χ  |b 060147 
922 |a 2ΕΛΗ  |b 199810  |c ΤΔΕ  |d ΠΑΠΑΣΩΤΗΡΙΟΥ